000 00661nam a2200193 a 4500
001 000014783
005 20200929163913.0
008 100122s2009 dr a 000 0cspa d
040 _aDO-SdBNP
_bspa
_cBNPHU
082 _a923.17293
_bB715b, 2009
100 1 _aBonilla, Bonnie
_91501
245 1 0 _aBiografías presidentes dominicanos 1844-2012 /
_cBonnie Bonilla.
250 _a2a ed.
260 _aSanto Domingo :
_bDelta Ediciones,
_c2009.
300 _a50 p. :
_bil. ;
_c21 cm.
650 4 _aPresidentes
_zRepública Dominicana
_xBiografías
_91790
650 4 _aPresidentes
_zRepública Dominicana
_xHistoria
_96913
910 _aValidado. Control de calidad BNPHU
999 _c14365
_d14365